| 000 | 00464nam a22001577a 4500 | ||
|---|---|---|---|
| 999 |
_c9567 _d9567 |
||
| 003 | GBCCL | ||
| 005 | 20241126110714.0 | ||
| 008 | 230316b ||||| |||| 00| 0 eng d | ||
| 040 | _cgbc | ||
| 082 |
_aARC VUN _b2021 |
||
| 100 |
_aVungmuanlal, T _916638 |
||
| 245 | _aExploring the pull-push experiences of teenagers who have abandoned the occult in Lamka town and a pastoral response | ||
| 260 |
_aBangalore : _bSAIACS _c2021 |
||
| 300 | _a107p. | ||
| 942 |
_2ddc _cTH |
||